Capitanes de la selección chilena del siglo XXI - Estadísticas

Estadísticas generales
  • Esta prueba ha sido intentada 36 veces
  • La puntuación promedio es 16 de 46
Estadísticas de respuestas
Partidos de capitán Jugador % Correcto
6 Arturo Vidal
100%
126 Claudio Bravo
100%
8 Alexis Sánchez
89%
45 Gary Medel
79%
15 Iván Zamorano
75%
5 Jorge Vargas
75%
1 Marcelo Díaz
75%
1 Sergio Vargas
75%
2 Paulo Díaz
71%
5 Jorge Valdivia
68%
12 Marcelo Salas
68%
2 Mauricio Isla
68%
2 Humberto Suazo
64%
5 Matías Fernández
64%
2 Jean Beausejour
54%
2 Guillermo Maripán
50%
5 José Rojas
46%
3 David Pizarro
36%
1 Esteban Paredes
32%
1 Eugenio Mena
29%
10 Nelson Tapia
29%
1 Waldo Ponce
25%
5 Luis Jiménez
18%
6 Pablo Contreras
18%
4 Clarence Acuña
14%
2 Enzo Roco
14%
1 José Luis Sierra
14%
1 Sebastián Roco
14%
2 Gonzalo Fierro
11%
1 Luis Fuentes
11%
2 Luis Marín
11%
3 Rafael Olarra
11%
2 Arturo Sanhueza
7%
1 Esteban Pavez
7%
1 Fernando Meneses
7%
1 Marcelo Ramírez
7%
3 Miguel Pinto
7%
1 Moisés Villarroel
7%
3 Rodrigo Millar
7%
1 Javier Margas
4%
2 Mauricio Zenteno
4%
2 Claudio Baeza
0%
1 Claudio Maldonado
0%
3 Manuel Iturra
0%
5 Pedro Reyes
0%
3 Roberto Cereceda
0%
No se encontraron pruebas coincidentes
Distribución de puntuación
Porcentaje de gente con cada puntuación
Porcentaje por número respondido
Historial de tus puntuaciones
No has intentado esta prueba.